[Event "Sauerland Bezirksliga 0405"]
[Site "Sauerland"]
[Date "2005.04.03"]
[Round "?"]
[White "Vielhaber, Gerhard"]
[Black "Radczewill, Horst"]
[Result "0-1"]
[WhiteElo "1690"]
[BlackElo "1645"]
[PlyCount "74"]
[EventDate "2004.11.21"]
[EventType "team"]
[EventRounds "7"]
[EventCountry "GER"]
[SourceTitle "EXT 2007"]
[Source "ChessBase"]
[SourceDate "2006.11.23"]
[SourceVersion "1"]
[SourceVersionDate "2006.11.23"]
[SourceQuality "1"]
[WhiteTeam "Lennestadt"]
[BlackTeam "Halver"]
[WhiteTeamCountry "GER"]
[BlackTeamCountry "GER"]

1. e4 c5 2. Nc3 Nc6 3. g3 Nf6 4. Bg2 e6 5. d3 Be7 6. Nge2 d5 7. 0-0 0-0 8. f4 dxe4 9. Nxe4 Qc7 10. Be3 b6 11. N2c3 Bb7 12. f5 exf5 13. Rxf5 Nd4 14. Nxf6+ Bxf6 15. Rxf6 gxf6 16. Bxb7 Qxb7 17. Ne4 Kh8 18. Bxd4 cxd4 19. Nxf6 Qe7 20. Qf1 Kg7 21. Nh5+ Kg8 22. Nf6+ Kg7 23. Nh5+ Kg8 24. Re1 Qg5 25. Nf6+ Kg7 26. Ne4 Qh6 27. Qf5 Rae8 28. Rf1 Qg6 29. Qh3 Re6 30. Rf4 f5 31. Rh4 h6 32. Kg2 Kh7 33. Rf4 Rf7 34. Nf2 Re2 35. Rxd4 Qc6+ 36. Kf1 Qf3 37. Rf4 Rxf2+ 0-1